000 00682nam a22002052 4500
001 23379
003 BD-RjUL
005 20211209000925.0
008 140310t1965 e 000 0 eng d
035 _a(BD-RjUL)23444
040 _aUKM
_cUKM
_dEQO
_dBD-RjUL
_beng
041 _aeng
082 0 4 _a873.01
_218
_bVIA 1965
100 0 _aVirgil.
_972002
245 1 4 _aThe Aeneid of Virgil /
_ctranslated by John Dryden, edited with an introduction and notes by Robert Fitzgerald.
260 _aLondon :
_bMacmillan (N.Y.); Collier-Macmillan,
_cc1965.
300 _a416 p. :
_bill. ;
_c22 cm.
650 1 _a Epic poetry, Latin -- Translations into English.
_972003
942 _2ddc
_cBK
999 _c23379
_d23379